| 000 | 00385nam a22001577a 4500 | ||
|---|---|---|---|
| 999 |
_c11000 _d11000 |
||
| 003 | OSt | ||
| 008 | 210814b ||||| |||| 00| 0 eng d | ||
| 020 | _a9788192482491 | ||
| 082 |
_a443 _bKAA |
||
| 100 | G | _aKAPOOR, Dinesh Chander | |
| 245 | _aFrench in Two Months | ||
| 260 |
_aAmritsar _bAjanta School of Foreign Languages |
||
| 300 | _a368 | ||
| 650 | _aLanguage | ||
| 942 |
_2ddc _cBK |
||